ბათუმის შოთა რუსთაველის სახელმწიფო უნივერსიტეტის ბიბლიოთეკა

ბრწყინვალე ვარსკვლავის მაძიებელნი (ბიბ.ჩანაწერი № 42276)

000 -LEADER
fixed length control field 01065nam a2200253Ia 4500
001 - CONTROL NUMBER
control field 8971
003 - CONTROL NUMBER IDENTIFIER
control field GE_BSU
008 - FIXED-LENGTH DATA ELEMENTS--GENERAL INFORMATION
fixed length control field 181216s||||||||xx |||||||||||||| ||und||
040 ## - CATALOGING SOURCE
Transcribing agency GE_BSU
080 ## - UNIVERSAL DECIMAL CLASSIFICATION NUMBER
Universal Decimal Classification number 821.353.1-31
100 ## - MAIN ENTRY--PERSONAL NAME
Personal name კეკელიძე,მიხეილ
245 ## - TITLE STATEMENT
Title ბრწყინვალე ვარსკვლავის მაძიებელნი
245 ## - TITLE STATEMENT
Remainder of title რომანი სულხან-საბა ორბელიანის შესახებ
245 ## - TITLE STATEMENT
Statement of responsibility, etc. რედ.რ.ჯაფარიძე,მხატვ.ა.გახარია
250 ## - EDITION STATEMENT
Edition statement მეორე გამ–მა
260 ## - PUBLICATION, DISTRIBUTION, ETC.
Place of publication, distribution, etc. თბილისი
260 ## - PUBLICATION, DISTRIBUTION, ETC.
Name of publisher, distributor, etc. ნაკადული
260 ## - PUBLICATION, DISTRIBUTION, ETC.
Date of publication, distribution, etc. 1967
300 ## - PHYSICAL DESCRIPTION
Extent 711გვ.ილ.21სმ.
653 ## - INDEX TERM--UNCONTROLLED
Uncontrolled term ბრწყინვალე ვარსკვლავის მაძიებელნი
653 ## - INDEX TERM--UNCONTROLLED
Uncontrolled term რომანი
653 ## - INDEX TERM--UNCONTROLLED
Uncontrolled term რომანი სულხან-საბა ორბელიანის შესახებ
942 ## - ADDED ENTRY ELEMENTS (KOHA)
Koha item type წიგნი
ეგზემპლარები
Withdrawn status Lost status Damaged status Not for loan Date acquired Barcode Date last seen Price effective from Koha item type
        2018-12-17 31528 2018-12-17 2018-12-17 წიგნი
        2018-12-17 31530 2018-12-17 2018-12-17 წიგნი
        2018-12-17 31529 2018-12-17 2018-12-17 წიგნი